000 00795nam a2200217Ii 4500
003 JO-AjNU
008 230605s9999||||xx |||||||||||||| ||und||
017 _a2011/5/1836
040 _aJO-AjNU
_bara
_erda
_cJO-AjNU
041 _aara
050 1 4 _aBP145.T38 2014
100 3 _aالطوالبة، خليل فلاح,
_eauthor
_950219
245 0 0 _aإشارة النص وأثرها في إختلاف الفقهاء: دراسة أصولية
250 _aط1
264 3 1 _aعمان:المؤلف، 2014
300 _a152ص
_bالمصادر والمراجع ص 128-143 ؛ الملاحق ص 144-152
336 _atext
_btxt
_2rdacontent
337 _aunmediated
_bn
_2rdamedia
338 _avolume
_bnc
_2rdacarrier
650 4 _aالتشريع الاسلامي- الفقه الاسلامي
_950220
999 _aA22108
_c25676
_d25676